Statistics for NY Subway 3 Line Stations

Click here to take the quiz!

General Stats

  • This quiz has been taken 45 times
  • The average score is 22 of 34

Answer Stats

BoroughConnecting LinesAnswer% Correct
ManhattanA,C,E,N,Q,R,S,W,1,2,7Times Square-42nd Street
89%
Manhattan1,234th Street-Penn Station
87%
BrooklynB,D,N,Q,R,2,4,5Atlantic Avenue-Barclay Center
87%
ManhattanF,L,M,1,214th Street
84%
Manhattan125th Street
79%
ManhattanWall Street
79%
Manhattan1,272nd Street
74%
Manhattan145th Street
71%
Manhattan1,296th Street
71%
Manhattan116th Street
68%
Manhattan2135th Street
68%
ManhattanCentral Park North (110th Street)
68%
ManhattanHarlem-148th Street
68%
ManhattanA,C,J,Z,2,4,5Fulton Street
66%
BrooklynHoyt Street-Fulton Mall
66%
Brooklyn2,4,5,SFranklin Avenue
63%
Manhattan1,2Chambers Street
61%
Brooklyn4Crowh Heights-Utica Avenue
61%
Brooklyn2,4,5Nevins Street
61%
BrooklynN,R,2,4,5Borough Hall
58%
BrooklynClark Street
58%
BrooklynEastern Parkway-Brooklyn Museum
58%
BrooklynGrand Army Plaza
58%
BrooklynNew Lots Avenue
58%
BrooklynBergen Street
55%
BrooklynNostrand Avenue
55%
BrooklynJunius Street
53%
BrooklynKingston Avenue
53%
ManhattanA,C,E,2Park Place
53%
BrooklynPennsylvania Avenue
53%
BrooklynVan Siclen Avenue
53%
BrooklynRockaway Avenue
50%
BrooklynSaratoga Avenue
47%
BrooklynSutter Avenue-Rutland Road
47%

Score Distribution

Percentile by Number Answered

Percent of People with Each Score

Your Score History

You have not taken this quiz